Statistics for Islands of Europe by Picture

Click here to take the quiz!

General Stats

  • This quiz has been taken 29 times
  • The average score is 11 of 16

Answer Stats

Answer% Correct
Great Britain
96%
Crete
89%
Ireland
89%
Guernsey
86%
Iceland
82%
Corsica
79%
Santorini
79%
Rhodes
75%
Ibiza
71%
Malta
71%
Sardinia
64%
Svalbard
61%
Sicily
46%
Isle of Man
36%
Gotland
29%
Zealand
21%

Score Distribution

Percentile by Number Answered

Percent of People with Each Score

Your Score History

You have not taken this quiz